[Event "AUTO-INT-2068"]
[Site "http://www.queenalice.com/game.php?id=953431"]
[Date "2011.6.24"]
[Round "1"]
[White "BigRezi"]
[Black "MLC"]
[Result "1-0"]
[WhiteElo "1706"]
[BlackElo "1574"]

1. e4 e5 2. f4 exf4 3. Nf3 Nf6 4. Nc3 Bb4 5. e5 Bxc3 6. exf6 Bxf6 7. d4 Bh4+ 8.
g3 fxg3 9. Qe2+ Qe7 10. Qxe7+ Bxe7 11. hxg3 O-O 12. Bd3 d5 13. Bf4 Nc6 14. Bxh7+
Kh8 15. Be4+ Kg8 16. Bxd5 Bg4 17. Bxc6 bxc6 18. Ne5 Bd6 19. Nxg4 Bxf4 20. gxf4
Rae8+ 21. Kd2 Re4 22. Raf1 Rxd4+ 23. Kc3 c5 24. Ne5 f6 25. Ng6 Rfd8 26. Rh8+ Kf7
27. Rxd8 Rxd8 28. f5 Rd4 29. Re1 Rf4 30. Re7+ Kg8 31. Rxc7 Rxf5 32. Ne7+ 1-0

[Event "AUTO-INT-2068"]
[Site "http://www.queenalice.com/game.php?id=953432"]
[Date "2011.6.24"]
[Round "1"]
[White "MLC"]
[Black "BigRezi"]
[Result "1-0"]
[WhiteElo "1551"]
[BlackElo "1729"]

1. d4 Nf6 2. e3 d5 3. Nf3 g6 4. Bd3 Bg7 5. Nc3 O-O 6. e4 dxe4 7. Nxe4 Nxe4 8.
Bxe4 c6 9. O-O Re8 10. Ne5 Nd7 11. Qf3 Nxe5 12. dxe5 Be6 13. Bg5 Bxe5 14. Rad1
Qc7 15. g3 Bxb2 16. Kg2 Qa5 17. Qf4 Be5 18. Qh4 Bg7 19. Bxe7 Rxe7 20. Qxe7 Qb6
21. Rb1 Qd4 22. Bf3 b5 23. Bxc6 a6 24. Bxa8 Bc4 25. Rbd1 Qb6 26. Rd8+ 1-0

[Event "AUTO-INT-2068"]
[Site "http://www.queenalice.com/game.php?id=953445"]
[Date "2011.6.24"]
[Round "1"]
[White "MLC"]
[Black "jcwarmling"]
[Result "0-1"]
[WhiteElo "1588"]
[BlackElo "1692"]

1. d4 d5 2. Nc3 Nf6 3. Bg5 Qd6 4. Bxf6 exf6 5. e4 Qb6 6. Nxd5 Qd6 7. Bd3 Be6 8.
Nf3 c6 9. Ne3 Qb4+ 10. Nd2 Qxd4 11. c3 Qxd3 12. Rb1 Bxa2 13. Rc1 Bc5 14. Qe2
Qxe2+ 15. Kxe2 Nd7 16. b4 Bxe3 17. Kxe3 O-O 18. f4 Rae8 19. Kf3 g5 20. g3 gxf4
21. gxf4 f5 22. Rhg1+ Kh8 23. Rg3 fxe4+ 24. Nxe4 Bd5 25. Re1 Nf6 26. Reg1 Bxe4+
27. Kf2 Nh5 28. Rg5 Nxf4 29. R1g4 Nh3+ 30. Kg3 Nxg5 31. Rxg5 Rg8 32. Rxg8+ Rxg8+
33. Kf4 f5 0-1

[Event "AUTO-INT-2068"]
[Site "http://www.queenalice.com/game.php?id=953446"]
[Date "2011.6.24"]
[Round "1"]
[White "jcwarmling"]
[Black "MLC"]
[Result "1-0"]
[WhiteElo "1664"]
[BlackElo "1616"]

1. e3 e5 2. d4 exd4 3. Qxd4 Nc6 4. Qd2 d5 5. a3 Qf6 6. Qxd5 Nge7 7. Qb3 b6 8.
Nf3 Be6 9. Qa4 Bd7 10. Nc3 Nd4 11. Qxd4 Qxd4 12. Nxd4 c5 13. Ndb5 Rc8 14. Nxa7
Rd8 15. Ncb5 Bxb5 16. Bxb5+ Nc6 17. Bxc6+ Ke7 18. e4 g6 19. Bg5+ f6 20. Bf4 g5
21. Bg3 h5 22. O-O h4 23. Bc7 Rd4 24. Rad1 Kf7 25. Rxd4 cxd4 26. Bxb6 Bd6 27.
Rd1 Be5 28. Bxd4 Bxd4 29. Rxd4 Re8 30. Bxe8+ 1-0

[Event "AUTO-INT-2068"]
[Site "http://www.queenalice.com/game.php?id=953447"]
[Date "2011.6.24"]
[Round "1"]
[White "MLC"]
[Black "Alicepolgar"]
[Result "0-1"]
[WhiteElo "1563"]
[BlackElo "1908"]

1. d4 d5 2. Nc3 Nf6 3. Bg5 e6 4. Bxf6 Qxf6 5. e4 Bb4 6. e5 Bxc3+ 7. bxc3 Qh6 8.
Nf3 O-O 9. c4 b6 10. cxd5 exd5 11. Bd3 Bg4 12. O-O Nc6 13. c3 Nd8 14. Bc2 Qf4
15. Qd3 g6 16. h3 Bxf3 17. Qxf3 Qxf3 18. gxf3 Ne6 19. Kg2 c5 20. f4 Nxf4+ 21.
Kg3 Ne2+ 22. Kf3 Nxc3 23. dxc5 bxc5 24. a4 Rfe8 25. Rfe1 Rab8 26. h4 d4 27. h5
Rb2 28. hxg6 hxg6 29. Bd3 Kg7 30. a5 Rh8 31. Rh1 Rxh1 32. Rxh1 a6 33. Bxa6 Ra2
34. Bc4 Rxa5 35. e6 fxe6 36. Bxe6 Kf6 37. Bc4 Ra4 38. Bb3 Ra3 39. Bc4 Nb5+ 40.
Kg4 Nd6 41. Bd5 c4 42. f4 Nf5 0-1

[Event "AUTO-INT-2068"]
[Site "http://www.queenalice.com/game.php?id=953448"]
[Date "2011.6.24"]
[Round "1"]
[White "Alicepolgar"]
[Black "MLC"]
[Result "1-0"]
[WhiteElo "1893"]
[BlackElo "1616"]

1. d4 d5 2. c4 dxc4 3. Nc3 e6 4. e4 Bb4 5. Bxc4 Bxc3+ 6. bxc3 Ne7 7. Ne2 Nbc6 8.
Rb1 O-O 9. O-O a6 10. e5 b5 11. Bd3 Nf5 12. Qc2 f6 13. exf6 Qxf6 14. Ng3 g6 15.
Ne4 Qh4 16. Bg5 Qg4 17. Be2 Nfxd4 18. cxd4 Nxd4 19. Bxg4 Nxc2 20. Rbc1 Nb4 21.
Rxc7 Nd3 22. Nf6+ Kh8 23. Rxh7# 1-0

[Event "Challenge"]
[Site "http://www.queenalice.com/game.php?id=954092"]
[Date "2011.6.26"]
[Round "-"]
[White "RodriguesL"]
[Black "MLC"]
[Result "1-0"]
[WhiteElo "1351"]
[BlackElo "1576"]

1. e4 e5 2. d4 exd4 3. Qxd4 Nc6 4. Qd1 d6 5. Bc4 Nf6 6. Nd2 Ne5 7. Ngf3 Nxc4 8.
Nxc4 Nxe4 9. Be3 d5 10. Ncd2 Bg4 11. Qe2 Bd6 12. h3 Bxf3 13. Nxf3 O-O 14. O-O-O
c5 15. Qb5 d4 16. Qxb7 dxe3 17. Qxe4 Re8 18. Qd3 exf2 19. Rhf1 Qa5 20. Ng5 Bf4+
21. Kb1 Bxg5 22. Rxf2 Bf6 23. g4 Rab8 24. c3 Bxc3 25. Qxc3 Qxc3 26. h4 Rxb2+ 27.
Rxb2 Re1 28. Rb8+ 1-0

[Event "Challenge"]
[Site "http://www.queenalice.com/game.php?id=954093"]
[Date "2011.6.26"]
[Round "-"]
[White "MLC"]
[Black "RodriguesL"]
[Result "0-1"]
[WhiteElo "1616"]
[BlackElo "1323"]

1. c4 e5 2. g3 d5 3. b3 d4 4. d3 Nc6 5. e3 Bd6 6. Bg2 Nge7 7. exd4 exd4 8. Ne2
Bf5 9. O-O Be5 10. a3 O-O 11. Bf4 Qd6 12. Bxe5 Qxe5 13. Nf4 a5 14. Re1 Bg4 15.
Rxe5 Bxd1 16. Bxc6 Nxc6 17. Rd5 Bf3 18. Rd7 Rfe8 19. Rxc7 Re1# 0-1

[Event "Challenge"]
[Site "http://www.queenalice.com/game.php?id=977807"]
[Date "2011.8.27"]
[Round "-"]
[White "RodriguesL"]
[Black "MLC"]
[Result "0-1"]
[WhiteElo "1447"]
[BlackElo "1545"]

1. c3 d5 2. e3 e5 3. d4 e4 4. g3 Nf6 5. Nh3 Bg4 6. Qd2 Qd7 7. Bg2 Bxh3 8. Bxh3
Qxh3 9. Qe2 Qg2 10. Qf1 Qxf1+ 11. Rxf1 Bd6 12. b4 b6 13. a4 a5 14. b5 O-O 15.
Ke2 Nbd7 16. Nd2 h5 17. c4 g6 18. h4 Ng4 19. c5 bxc5 20. dxc5 Bxc5 21. Nb3 Bb6
22. Bd2 c5 23. bxc6 Nde5 24. Nd4 Bxd4 25. exd4 Nc4 26. Bg5 f6 27. Bf4 Rae8 28.
Rfb1 e3 29. fxe3 Ngxe3 30. Ra2 g5 31. hxg5 Ng2+ 32. Kf3 Nxf4 33. gxf4 Nd2+ 34.
Rxd2 fxg5 35. Rg2 Rxf4+ 36. Kg3 Rc8 37. Rc1 Rxd4 38. Kh3 Rd3+ 39. Kh2 Rd4 40.
Rxg5+ Kf7 41. Rxh5 Rxa4 42. Rxd5 Rg8 43. Rd7+ Ke6 44. Re1+ Kf5 45. c7 Rh4# 0-1

[Event "Challenge"]
[Site "http://www.queenalice.com/game.php?id=977808"]
[Date "2011.8.27"]
[Round "-"]
[White "MLC"]
[Black "RodriguesL"]
[Result "1-0"]
[WhiteElo "1532"]
[BlackElo "1453"]

1. c4 e6 2. e4 Nh6 3. d4 c6 4. e5 g6 5. Nf3 Bg7 6. Bg5 Qa5+ 7. Nc3 O-O 8. a3 a6
9. b4 Qb6 10. Qd2 Ng4 11. c5 Qa7 12. h3 Nh6 13. Bxh6 b5 14. Bxg7 Kxg7 15. Ng5 d5
16. exd6 h6 17. Nf3 f6 18. Bd3 f5 19. O-O Nd7 20. Rae1 Nf6 21. g3 a5 22. Ne5 Bb7
23. Kg2 axb4 24. axb4 Nd5 25. Nxd5 g5 26. Nc7 Rac8 27. Nxe6+ Kf6 28. Nxf8 Rxf8
29. Nd7+ Kf7 30. Re7+ Kg8 31. Nxf8 Qa8 32. Rfe1 Qxf8 33. Re8 Qxe8 34. Rxe8+ Kf7
35. Re7+ Kf6 36. Rxb7 h5 37. h4 f4 38. hxg5+ Ke6 39. Qxf4 h4 40. Qe5# 1-0

[Event "AUTO-INT-2167"]
[Site "http://www.queenalice.com/game.php?id=996388"]
[Date "2011.10.12"]
[Round "1"]
[White "MLC"]
[Black "chess60"]
[Result "1-0"]
[WhiteElo "1557"]
[BlackElo "1552"]

1. e4 e5 2. d4 Bd6 3. dxe5 Bxe5 4. Nf3 f6 5. Nxe5 fxe5 6. Nc3 Nf6 7. Bg5 O-O 8.
Bc4+ Kh8 9. Bxf6 Qxf6 10. O-O d6 11. Nd5 Qd8 12. Qd3 c6 13. Ne3 Qb6 14. Qxd6 Qd8
15. Qxd8 Rxd8 16. Rad1 Rd7 17. Rxd7 Bxd7 18. h3 Na6 19. Rd1 Nb8 20. Nf5 Bxf5 21.
Rd8# 1-0

[Event "AUTO-INT-2167"]
[Site "http://www.queenalice.com/game.php?id=996401"]
[Date "2011.10.12"]
[Round "1"]
[White "MLC"]
[Black "Jac"]
[Result "1/2-1/2"]
[WhiteElo "1531"]
[BlackElo "1816"]

1. e4 e5 2. d4 Nc6 3. d5 Nd4 4. Be3 Qf6 5. Bxd4 exd4 6. Nf3 Bb4+ 7. Nbd2 d6 8.
h3 Bxd2+ 9. Qxd2 Ne7 10. O-O-O c5 11. dxc6 Nxc6 12. a3 O-O 13. Nxd4 Nxd4 14.
Qxd4 Qxd4 15. Rxd4 Rd8 16. e5 Be6 17. exd6 Rac8 18. Bb5 a6 19. d7 Rc7 20. Be2
Rcxd7 21. Rxd7 Rxd7 22. Bg4 Bxg4 23. hxg4 f6 24. f4 h6 25. b4 Rd4 26. Rf1 Kf7
27. g5 Kg6 28. gxh6 gxh6 29. g4 b5 30. Kb2 Re4 31. Kb3 h5 32. gxh5+ Kxh5 33. Rg1
Rxf4 34. Rg8 Rf1 35. c4 bxc4+ 36. Kxc4 Re1 37. Ra8 Re6 38. a4 f5 39. Rf8 Kg4 40.
b5 axb5+ 41. axb5 f4 42. Kd5 Re1 43. Kc4 f3 44. b6 Kg3 45. Kc5 f2 46. b7 Rb1 47.
Kc6 Kg2 48. Kc7 Rxb7+ 49. Kxb7 f1=Q 50. Rxf1 Kxf1 51. Kc6 Ke2 1/2-1/2

[Event "AUTO-INT-2167"]
[Site "http://www.queenalice.com/game.php?id=996402"]
[Date "2011.10.12"]
[Round "1"]
[White "Jac"]
[Black "MLC"]
[Result "1-0"]
[WhiteElo "1798"]
[BlackElo "1522"]

1. e4 e5 2. Nf3 Nc6 3. Bb5 a6 4. Bxc6 bxc6 5. d3 d6 6. O-O Be7 7. Nc3 Nf6 8. a3
O-O 9. b4 Bg4 10. h3 Bxf3 11. Qxf3 h6 12. Ne2 d5 13. Ng3 c5 14. Nf5 Nd7 15.
Nxe7+ Qxe7 16. exd5 Nf6 17. Bb2 Nxd5 18. Qxd5 cxb4 19. axb4 Rfd8 20. Qxe5 Qxe5
21. Bxe5 c6 22. d4 f6 23. Bc7 Rxd4 24. c3 Rd3 25. Rfc1 Rc8 26. Bb6 Rb8 27. Bc5
Ra8 28. Ra5 Rad8 29. Rxa6 Rc8 30. Kh2 Kh7 31. Ra7 Kg6 32. Bd4 Re8 33. Rc7 Re6
34. Be3 f5 35. c4 Rb3 36. Rb7 Re4 37. b5 cxb5 38. cxb5 f4 39. Bc5 Kf6 40. b6 f3
41. Rb8 fxg2 42. Kxg2 g5 43. b7 Kf5 44. Rf8+ Kg6 45. b8=Q Rxb8 46. Rxb8 Ra4 47.
Rb6+ Kh5 48. Be3 g4 49. Rxh6# 1-0

[Event "AUTO-INT-2167"]
[Site "http://www.queenalice.com/game.php?id=996403"]
[Date "2011.10.12"]
[Round "1"]
[White "MLC"]
[Black "Ricardoabreu"]
[Result "0-1"]
[WhiteElo "1536"]
[BlackElo "1586"]

1. e4 b6 2. d4 g6 3. Nc3 Bb7 4. d5 Bg7 5. Nf3 e6 6. dxe6 fxe6 7. Bd3 Nc6 8. O-O
Ne5 9. Bf4 Nxf3+ 10. Qxf3 d6 11. Rad1 Nh6 12. a4 e5 13. Bb5+ c6 14. Bc4 exf4 15.
Qxf4 Bf8 16. e5 d5 17. Be2 Qe7 18. Rfe1 O-O-O 19. Bd3 Bg7 20. e6 Rhf8 21. Qg3
Nf5 22. Bxf5 Rxf5 23. b4 Rd6 24. Ne4 Rxe6 25. Nd6+ Qxd6 26. Qxd6 Rxd6 27. Re7
Rd7 28. Re8+ Kc7 29. c4 dxc4 30. Rxd7+ Kxd7 31. Re4 c3 32. Rc4 Rd5 33. h3 Rd1+
34. Kh2 Ba6 35. b5 cxb5 36. axb5 Bxb5 37. Rb4 c2 38. Rxb5 c1=Q 0-1

[Event "AUTO-INT-2167"]
[Site "http://www.queenalice.com/game.php?id=996404"]
[Date "2011.10.12"]
[Round "1"]
[White "Ricardoabreu"]
[Black "MLC"]
[Result "1-0"]
[WhiteElo "1579"]
[BlackElo "1573"]

1. b3 d5 2. Bb2 Nc6 3. e3 e5 4. Bb5 a6 5. Bxc6+ bxc6 6. Bxe5 Nf6 7. Nc3 Bd6 8.
Bxd6 cxd6 9. Qe2 O-O 10. O-O-O Re8 11. Na4 d4 12. Nf3 Bg4 13. h3 Bd7 14. Nxd4 c5
15. Nf3 Bxa4 16. bxa4 a5 17. d3 Rb8 18. Kd2 Nd5 19. Rb1 Nf4 20. Qf1 Rxb1 21.
Qxb1 Nxg2 22. Rg1 Nh4 23. Nxh4 Qxh4 24. Rg2 Qxh3 25. Rg3 Qh2 26. Ke2 f5 27. Qb2
Qh5+ 28. Kf1 f4 29. Qxg7# 1-0

[Event "Challenge"]
[Site "http://www.queenalice.com/game.php?id=1002197"]
[Date "2011.10.27"]
[Round "-"]
[White "RodriguesL"]
[Black "MLC"]
[Result "1-0"]
[WhiteElo "1433"]
[BlackElo "1557"]

1. e3 e5 2. c3 d5 3. d4 exd4 4. cxd4 c5 5. Nf3 Bg4 6. Be2 Bxf3 7. Bxf3 Qa5+ 8.
Nc3 cxd4 9. Qxd4 Bb4 10. O-O Bxc3 11. bxc3 Ne7 12. Qxg7 Rg8 13. Qxh7 Qxc3 14.
Rb1 b6 15. Bb2 Qc2 16. Qxc2 1-0

[Event "Challenge"]
[Site "http://www.queenalice.com/game.php?id=1002198"]
[Date "2011.10.27"]
[Round "-"]
[White "MLC"]
[Black "RodriguesL"]
[Result "1-0"]
[WhiteElo "1517"]
[BlackElo "1466"]

1. c4 e6 2. g3 c6 3. d4 Nf6 4. Bg5 d5 5. cxd5 cxd5 6. Qa4+ Bd7 7. Qb3 g6 8. Nf3
Bg7 9. Qxb7 Bc6 10. Qb4 Bf8 11. Qd2 Bg7 12. Bxf6 Bxf6 13. Qh6 Nd7 14. Nbd2 a5
15. e3 Rg8 16. Bg2 Bg7 17. Qxh7 Nf6 18. Qh4 Bb5 19. b3 Bd3 20. Ne5 Be4 21. Nxe4
dxe4 22. O-O Qd6 23. Bxe4 Nxe4 24. Qxe4 Rc8 25. Rfc1 Ke7 26. Rc4 Rxc4 27. Nxc4
Qb4 28. Ne5 Bxe5 29. Qxe5 a4 30. bxa4 Qxa4 31. Rb1 Ra8 32. Rb7+ Kf8 33. Qf6 Qe8
34. Qh8# 1-0